000 00562nam a2200169Ia 4500
008 090201s9999 xx 000 0 und d
010 _aKPL-25258
040 _bमराठी
041 _aमराठी
082 _a46250
_b25258
100 _aसुमति क्षेत्रमाडे
245 _aुमखमली बटवा
_cसुमति क्षेत्रमाडे
260 _c2005
_bप्रमोद प्रकाशन
300 _a224
_bमोठा
600 _aुमखमली बटवा
942 _cBOOK
999 _c243091
_d243091